| 000 | 00358cam a2200145ua 4500 | ||
|---|---|---|---|
| 003 | OSt | ||
| 008 | 250104b |||||||| |||| 00| 0 eng d | ||
| 041 | _aeng | ||
| 082 |
_a621.3 _bRAJ/BA |
||
| 100 | _aRajput, R.K . | ||
| 245 | _aBasic electrical engineering / | ||
| 260 |
_aNew Delhi : _bLaxmi publications , _c2008. |
||
| 300 |
_a590 ; _e`. |
||
| 942 | _cBK | ||
| 999 |
_c13080 _d13080 |
||